000
00217nam a22000857a 4500
008
170119b xxu||||| |||| 00| 0 eng d
100
_9
2510
_a
Sinha.S.
245
_a
Physics-Practical-12
260
_a
New Delhi
_b
Macmillan
_c
2011
999
_c
5583
_d
5583